000 00501nam a2200181 a 4500
001 000048626
005 20201002061303.0
008 190403s2014 dr 000 0 spa d
020 _a9780989719315
040 _aDO-SdBNP
_bspa
_cBNPHU
082 _axx
_bxx
100 1 _aSmith, Edgar
_976076
245 1 0 _aAlgunas tiernas imprecisiones :
_bpoesía /
_cEdgar Smith.
250 _a2a. ed.
260 _cSanto Domingo :
_b[S.n.],
_c2014.
300 _a163 p. ;
_c22 cm.
590 _aInventariado, 2019/VM
999 _c48114
_d48114